| 000 | 00358 a2200145 4500 | ||
|---|---|---|---|
| 001 | 194771 | ||
| 040 | _cMagnum | ||
| 100 | _aSilva, José Claudio da | ||
| 240 | 1 | 0 |
_aO pacto maldito e outras histórias de morte _lpor |
| 245 | 1 | 0 | _aO pacto maldito e outras histórias de morte |
| 300 | _a66 | ||
| 362 | 0 | _a2006 | |
| 697 | _aLITERATURA GERAL | ||
| 942 | _cBK | ||
| 999 |
_c194771 _d194771 |
||